Acerca de las problemáticas fronteras de América Latina contemporánea /
Сохранить в:
| Главный автор: | |
|---|---|
| Формат: | Текст |
| Предметы: | |
| Метки: |
Добавить метку
Нет меток, Требуется 1-ая метка записи!
|
MARC
| LEADER | 00000 a a2200000 04500 | ||
|---|---|---|---|
| 001 | 4480 | ||
| 003 | |||
| 040 | |||
| 100 | |a O'Donnell, Guillermo | ||
| 245 | |a Acerca de las problemáticas fronteras de América Latina contemporánea / |c Guillermo O'Donnell | ||
| 650 | |a FRONTERAS | ||
| 650 | |a AMERICA LATINA | ||
| 650 | |a TEORIA | ||
| 650 | |a PODER POLITICO | ||
| 650 | |a NEOLIBERALISMO | ||
| 650 | |a GLOBALIZACION | ||
| 650 | |a ESTADOS UNIDOS | ||
| 650 | |a POLITICA EXTERIOR | ||
| 650 | |a IMPERIALISMO | ||
| 650 | |a CONSECUENCIAS ECONOMICAS | ||
| 650 | |a DESIGUALDAD SOCIAL | ||
| 773 | |g número 16; páginas 7-18 | ||
| 999 | |c 32131 |d 32131 | ||
